Statystyki dla 15 krajów o największej liczbie zgonów Covid19 - 17 lipca

Kliknij tutaj aby rozwiązać quiz!

Ogólne statystyki

  • Ten quiz został rozwiązany 19 razy
  • Średni wynik to 12 z 20

Statystyki odpowiedzi

kraj% Poprawnych
Rosja
94%
Stany Zjednoczone
94%
Włochy
94%
Niemcy
89%
Brazylia
83%
Wielka Brytania
83%
Francja
78%
Hiszpania
78%
Meksyk
78%
Indie
72%
Kanada
67%
Chile
44%
Szwecja
44%
Belgia
39%
Peru
39%
Holandia
28%
Iran
28%
Irlandia
22%
Ekwador
17%
Panama
6%

Rozkład punktacji

Percentyl według liczby udzielonych odpowiedzi

Procent ludzi z każdym wynikiem

Twoja historia wyników

Nie rozwiązałeś tego quizu